| 000 | 00708nam a22002177a 4500 | ||
|---|---|---|---|
| 008 | 160917b xxu||||| |||| 00| 0 eng d | ||
| 020 | _a9780136010166 | ||
| 050 |
_aHD 31 _b.C4125 2009 |
||
| 100 | _aCerto, Samuel C. | ||
| 245 |
_aModern management/ _cSamuel C.Certo , S.Trevis Certo |
||
| 250 | _a11th ed. | ||
| 260 |
_aUpper Saddle River: _bPrentice Hall, _c2009. |
||
| 300 |
_axxiii,600p. : _bill. ; _c22cm |
||
| 504 | _aIncludes references and indexes | ||
| 650 | _aManagement | ||
| 650 | _aIndustrial mangement | ||
| 650 | _aSocial responsibility of business | ||
| 650 | _aTechnological innovations | ||
| 700 | _aCerto, S. Trevis | ||
| 942 |
_2lcc _cBOOKS _hHD 31 .C4125 2009 |
||
| 999 |
_c13775 _d13775 |
||